[Event "Edmonton Fall Sectional A"]
[Site "Edmonton"]
[Date "2016.10.29"]
[Round "2"]
[White "Gardner, Robert"]
[Black "Tam, Erik"]
[Result "1/2-1/2"]
[WhiteElo "2291"]
[BlackElo "2134"]
[PlyCount "70"]
[EventDate "2016.10.29"]
[EventType "tourn"]
[EventRounds "5"]
[EventCountry "CAN"]

1. d4 Nf6 2. c4 d6 3. Nc3 g6 4. e4 Nbd7 5. Be3 e5 6. d5 Bg7 7. f3 O-O 8. g4 a6
9. Nge2 Qe7 10. Ng3 c6 11. Qd2 cxd5 12. cxd5 b5 13. b4 Bb7 14. Bd3 Rfc8 15. O-O
Qd8 16. a4 Nb6 17. axb5 Nc4 18. Bxc4 Rxc4 19. bxa6 Bxa6 20. b5 Bb7 21. Rxa8
Qxa8 22. Qb2 Nd7 23. Qb3 Qc8 24. Nge2 Bf6 25. Ra1 Bd8 26. Ra4 Nb6 27. Rxc4 Nxc4
28. Na4 Nxe3 29. Qxe3 Qc2 30. Nec3 Kg7 31. Qe2 Qc1+ 32. Qf1 Qe3+ 33. Qf2 Qc1+
34. Qf1 Qe3+ 35. Qf2 Qc1+ 1/2-1/2

[Event "Edmonton Fall Sectional A"]
[Site "Edmonton"]
[Date "2016.10.29"]
[Round "2"]
[White "Malek, Omid"]
[Black "MacKinnon, Keith"]
[Result "1-0"]
[WhiteElo "2180"]
[BlackElo "2295"]
[PlyCount "131"]
[EventDate "2016.10.29"]
[EventType "tourn"]
[EventRounds "5"]
[EventCountry "CAN"]

1. d4 Nf6 2. Bg5 c6 3. Nd2 Qb6 4. Bxf6 gxf6 5. Nb3 d5 6. e3 Bf5 7. Ne2 h5 8. h4
a5 9. a4 e6 10. Nf4 Bb4+ 11. c3 Bd6 12. Be2 Bxf4 13. exf4 Nd7 14. Ra3 Bg6 15.
Qd2 Ke7 16. f3 f5 17. Nc1 f6 18. Rb3 Qc7 19. Nd3 b6 20. Nf2 c5 21. O-O Rhg8 22.
Re1 c4 23. Ra3 Be8 24. Kh2 Nf8 25. g3 Ng6 26. Bf1 Kf7 27. Nh3 Qd6 28. Re3 Bc6
29. Ra1 Rg7 30. Re2 Ne7 31. Rg2 Qd7 32. Qc2 Nc8 33. b3 Nd6 34. Be2 Rgg8 35. Nf2
b5 36. axb5 Bxb5 37. bxc4 Nxc4 38. Nd1 Rge8 39. Qc1 Qc7 40. g4 hxg4 41. fxg4
Rh8 42. h5 fxg4 43. Bxg4 Nd6 44. Nf2 Nf5 45. Nh3 Ng7 46. Qb1 f5 47. Qxb5 fxg4
48. Ng5+ Kf6 49. Rxg4 Rxh5+ 50. Kg2 Qxc3 51. Qe2 Rah8 52. Qe5+ Ke7 53. Qxg7+
Ke8 54. Qg6+ Kd8 55. Qf6+ Kc8 56. Qxe6+ Kc7 57. Qe7+ Kc6 58. Qc5+ Qxc5 59. dxc5
Rh2+ 60. Kg3 Kxc5 61. Rxa5+ Kc6 62. f5 Rh1 63. Nf3 Rd1 64. Rg6+ Kb7 65. Ra2 Rh5
66. Re2 1-0

[Event "Edmonton Fall Sectional A"]
[Site "Edmonton"]
[Date "2016.10.29"]
[Round "2"]
[White "Villavieja, Butch"]
[Black "Findlay, Ian"]
[Result "0-1"]
[WhiteElo "2201"]
[BlackElo "2270"]
[PlyCount "134"]
[EventDate "2016.10.29"]
[EventType "tourn"]
[EventRounds "5"]
[EventCountry "CAN"]

1. d4 Nf6 2. Bg5 Ne4 3. Bf4 d5 4. f3 Nf6 5. Nc3 Bf5 6. g4 Bg6 7. h4 h5 8. g5
Ng8 9. e3 e6 10. Bd3 Ne7 11. Nb5 Na6 12. Qd2 Bxd3 13. Qxd3 Ng6 14. Bg3 c6 15.
Nc3 Bd6 16. Nge2 Qc7 17. Bxd6 Qxd6 18. f4 O-O-O 19. O-O-O Ne7 20. a3 Nf5 21.
Kb1 Kb8 22. Nc1 c5 23. dxc5 Nxc5 24. Qd2 Qb6 25. Qf2 Nd6 26. Ka2 Rc8 27. Rd4
Qc6 28. Rh2 Nf5 29. Rd1 Qb6 30. Rh3 Rhd8 31. Qe2 g6 32. e4 dxe4 33. Rxd8 Qxd8
34. Nb3 Nxb3 35. cxb3 e3 36. Nd1 Qd2 37. Rxe3 Qxe2 38. Rxe2 Nxh4 39. Ne3 Rd8
40. Nc4 Rd4 41. Rf2 Nf5 42. Ne5 Nd6 43. b4 Kc7 44. Kb3 Kd8 45. a4 a6 46. Kc3
Rd5 47. Rf3 Ne4+ 48. Kc2 Ke7 49. Re3 Rd4 50. Kb3 Nd6 51. Rf3 Nf5 52. b5 axb5
53. axb5 Nd6 54. b6 Rd5 55. Ka4 Nc8 56. b4 Nxb6+ 57. Kb3 Rd4 58. Rc3 Nd5 59.
Rc4 Rxc4 60. Kxc4 Nxf4 61. Kc5 Nd5 62. b5 h4 63. Ng4 h3 64. Nh2 Kd7 65. Ng4 Kc7
66. Kd4 Kb6 67. Ke5 Kxb5 0-1

[Event "Edmonton Fall Sectional A"]
[Site "Edmonton"]
[Date "2016.10.29"]
[Round "3"]
[White "Findlay, Ian"]
[Black "Malek, Omid"]
[Result "1-0"]
[WhiteElo "2270"]
[BlackElo "2180"]
[PlyCount "55"]
[EventDate "2016.10.29"]
[EventType "tourn"]
[EventRounds "5"]
[EventCountry "CAN"]

1. e4 e6 2. d4 d5 3. Nd2 Nc6 4. Ngf3 Nf6 5. e5 Nd7 6. Be2 Be7 7. Nf1 O-O 8. Ne3
f6 9. exf6 Nxf6 10. O-O Bd6 11. c4 b6 12. a3 Ne7 13. b4 c5 14. bxc5 bxc5 15.
Bb2 Bb7 16. Ng5 Bc8 17. cxd5 cxd4 18. Qxd4 exd5 19. Bf3 Kh8 20. Qd3 Ng6 21.
Nxd5 Rb8 22. Rab1 Ne8 23. h4 Bf5 24. Be4 Nxh4 25. Bc1 Rxb1 26. Qxb1 h6 27. Bxf5
Rxf5 28. Qxf5 1-0

[Event "Edmonton Fall Sectional A"]
[Site "Edmonton"]
[Date "2016.10.29"]
[Round "3"]
[White "MacKinnon, Keith"]
[Black "Gardner, Robert"]
[Result "0-1"]
[WhiteElo "2295"]
[BlackElo "2291"]
[PlyCount "130"]
[EventDate "2016.10.29"]
[EventType "tourn"]
[EventRounds "5"]
[EventCountry "CAN"]

1. e4 g6 2. d4 Bg7 3. Nc3 c6 4. f4 d5 5. e5 h5 6. Nf3 Nh6 7. Be3 Bf5 8. Qd2 e6
9. O-O-O Nd7 10. Bf2 Qa5 11. Kb1 O-O-O 12. Bh4 Rdg8 13. Be2 Kb8 14. Be7 Rc8 15.
b4 Qa3 16. Bd6+ Ka8 17. Ka1 Bf8 18. Nb1 Qa4 19. Bxf8 Rhxf8 20. Kb2 b6 21. a3 c5
22. Nc3 Qc6 23. Ba6 Rb8 24. Bb5 Qc7 25. h3 Rbd8 26. Bxd7 Rxd7 27. Nb5 Qc6 28.
Nd6 cxb4 29. axb4 Rc7 30. c3 Be4 31. Rhf1 Nf5 32. Nxf5 exf5 33. Ra1 Qb5 34.
Rfc1 Rfc8 35. Ra3 Rc4 36. Rb3 Bxf3 37. gxf3 Kb7 38. Ra1 R8c7 39. Qd3 Kb8 40.
Qe2 Qc6 41. Qe3 Rb7 42. b5 Qc8 43. Re1 Qe6 44. Qg1 Rbc7 45. Qg5 Qc8 46. Re3 Qe6
47. Qd8+ Kb7 48. Qg5 Re7 49. Qg1 Ra4 50. Qg5 Ra5 51. Qg1 Rc7 52. Qg5 Qe8 53. e6
fxe6 54. Qf6 Re7 55. Kc2 Ra2+ 56. Rb2 Rxb2+ 57. Kxb2 Qxb5+ 58. Kc2 Qe8 59. Re1
a5 60. Kd2 a4 61. Rg1 Rc7 62. Re1 Qb5 63. Qxe6 Qb2+ 64. Kd1 Qxc3 65. Qxd5+ Ka7
0-1

[Event "Edmonton Fall Sectional A"]
[Site "Edmonton"]
[Date "2016.10.29"]
[Round "3"]
[White "Tam, Erik"]
[Black "Villavieja, Butch"]
[Result "0-1"]
[WhiteElo "2134"]
[BlackElo "2201"]
[PlyCount "70"]
[EventDate "2016.10.29"]
[EventType "tourn"]
[EventRounds "5"]
[EventCountry "CAN"]

1. e4 c5 2. Nf3 d6 3. d4 cxd4 4. Qxd4 a6 5. h3 Nc6 6. Qe3 Nf6 7. c4 e6 8. Be2
Be7 9. O-O O-O 10. Rd1 Qc7 11. Nc3 b6 12. b3 Bb7 13. Bb2 Rac8 14. Rac1 Rfe8 15.
Nd5 exd5 16. cxd5 Qb8 17. dxc6 Rxc6 18. Rxc6 Bxc6 19. Bd3 Qb7 20. Qd4 Bf8 21.
Nh4 Bxe4 22. Nf5 Re6 23. Ne3 d5 24. b4 b5 25. f3 Bxd3 26. Rxd3 h6 27. Nf5 Qd7
28. Qh4 Qc6 29. Nd4 Qc4 30. Rb3 Bxb4 31. Nf5 Re1+ 32. Kh2 Bd6+ 33. f4 Bxf4+ 34.
Rg3 Qf1 35. Ne7+ Kh7 0-1

[Event "Edmonton Fall Sectional A"]
[Site "Edmonton"]
[Date "2016.10.30"]
[Round "4"]
[White "Findlay, Ian"]
[Black "Tam, Erik"]
[Result "1-0"]
[WhiteElo "2270"]
[BlackElo "2134"]
[PlyCount "69"]
[EventDate "2016.10.29"]
[EventType "tourn"]
[EventRounds "5"]
[EventCountry "CAN"]

1. e4 d6 2. d4 Nf6 3. Nc3 e5 4. Nf3 Nbd7 5. Be2 Be7 6. O-O O-O 7. h3 c6 8. a4
a5 9. Be3 Re8 10. Qd2 Qc7 11. Rfe1 Bf8 12. Bf1 b6 13. Rad1 Bb7 14. Bg5 h6 15.
Bh4 g5 16. Bg3 Nh5 17. dxe5 Nxe5 18. Bxe5 dxe5 19. Qd7 Qc8 20. Bc4 Re7 21. Qd6
Ba6 22. Bb3 Qe8 23. Qg6+ Ng7 24. Qxh6 Ne6 25. Qf6 Bg7 26. Qf5 Bc8 27. Nxg5 Nxg5
28. Qxg5 Be6 29. Rd3 Bxb3 30. cxb3 Re6 31. Red1 Rg6 32. Qe3 Bf8 33. Qxb6 Rb8
34. Qxa5 Bb4 35. Qd8 1-0

[Event "Edmonton Fall Sectional A"]
[Site "Edmonton"]
[Date "2016.10.30"]
[Round "4"]
[White "Malek, Omid"]
[Black "Gardner, Robert"]
[Result "1/2-1/2"]
[WhiteElo "2180"]
[BlackElo "2291"]
[PlyCount "93"]
[EventDate "2016.10.29"]
[EventType "tourn"]
[EventRounds "5"]
[EventCountry "CAN"]

1. d4 Nf6 2. Bg5 e6 3. e4 h6 4. Bxf6 Qxf6 5. c3 c5 6. Nf3 Qd8 7. Nbd2 Be7 8.
Bd3 d6 9. O-O Nd7 10. Qe2 O-O 11. Rac1 a6 12. a4 Re8 13. b3 e5 14. dxe5 Nxe5
15. Nxe5 dxe5 16. Bc4 Qc7 17. Bd5 Rb8 18. c4 Bg5 19. Rc3 Rf8 20. Rd1 g6 21. Nf3
Bf6 22. h3 Kh7 23. Nh2 Bg7 24. h4 h5 25. g3 Qe7 26. Rcd3 Bh3 27. Qf3 f5 28. Qe2
f4 29. gxf4 Qxh4 30. Rxh3 Qxh3 31. Rd3 Qh4 32. f5 Bh6 33. fxg6+ Kxg6 34. Rg3+
Kh7 35. Be6 Rf6 36. Nf3 Qf4 37. Qd3 Kh8 38. Qd7 Rbf8 39. Bf5 Rxf5 40. exf5 Qxf5
41. Qxb7 e4 42. Qxa6 Kh7 43. Qb7+ Rf7 44. Qb8 Rf8 45. Qc7+ Rf7 46. Qb8 Rf8 47.
Qc7+ 1/2-1/2

[Event "Edmonton Fall Sectional A"]
[Site "Edmonton"]
[Date "2016.10.30"]
[Round "4"]
[White "Villavieja, Butch"]
[Black "MacKinnon, Keith"]
[Result "0-1"]
[WhiteElo "2201"]
[BlackElo "2295"]
[PlyCount "88"]
[EventDate "2016.10.29"]
[EventType "tourn"]
[EventRounds "5"]
[EventCountry "CAN"]

1. e4 d5 2. exd5 Qxd5 3. Nc3 Qd6 4. d4 Nf6 5. Nf3 c6 6. g3 Bg4 7. Bg2 e6 8. O-O
Nbd7 9. Bf4 Qb4 10. Qd2 Be7 11. a3 Qa5 12. b4 Qh5 13. Ne5 Bh3 14. Bf3 Qf5 15.
Nxd7 Kxd7 16. Bg2 Bxg2 17. Kxg2 Nd5 18. Ne2 Nxf4+ 19. Qxf4 Qxc2 20. Rfe1 Qf5
21. Qe3 a5 22. b5 Qxb5 23. Rab1 Qd5+ 24. f3 b5 25. Nc3 Qc4 26. d5 cxd5 27. Nxd5
Bc5 28. Qe5 exd5 29. Rbc1 Qd4 30. Qf5+ Kc6 31. Qxf7 Rhd8 32. Rc2 Rd7 33. Qf5 g6
34. Qe6+ Rd6 35. Qf7 Rc8 36. a4 b4 37. Re7 Qd3 38. Rce2 Qf5 39. Qxh7 Rf6 40. f4
Bxe7 41. Qxe7 Rc7 42. Qe8+ Kb7 43. Re5 Qd7 44. Qg8 Rc8 0-1

[Event "Edmonton Fall Sectional A"]
[Site "Edmonton"]
[Date "2016.10.30"]
[Round "5"]
[White "Gardner, Robert"]
[Black "Villavieja, Butch"]
[Result "1-0"]
[WhiteElo "2291"]
[BlackElo "2201"]
[PlyCount "107"]
[EventDate "2016.10.29"]
[EventType "tourn"]
[EventRounds "5"]
[EventCountry "CAN"]

1. d4 Nf6 2. c4 g6 3. Nc3 Bg7 4. e4 d6 5. f3 O-O 6. Be3 Nc6 7. Nge2 a6 8. Qd2
Rb8 9. Rc1 e6 10. g4 Bd7 11. Ng3 e5 12. Nce2 exd4 13. Nxd4 Ne5 14. Be2 b5 15.
cxb5 axb5 16. g5 Ne8 17. b3 c5 18. Nc2 f5 19. exf5 Bxf5 20. Nxf5 Rxf5 21. f4
Nd7 22. Bg4 Rf8 23. h4 Nb6 24. h5 Qe7 25. O-O b4 26. hxg6 hxg6 27. Qd3 Nc7 28.
Rce1 Qf7 29. Qxd6 Nbd5 30. Bxc5 Bc3 31. Re4 Rfe8 32. Rxe8+ Rxe8 33. f5 Kg7 34.
f6+ Kg8 35. Rf2 Be5 36. Qc6 Bf4 37. Qd7 Re5 38. Kf1 Bxg5 39. Qxf7+ Kxf7 40. Bd6
Re4 41. Bf3 Re6 42. Bxc7 Nxc7 43. Nxb4 Rxf6 44. Bd5+ Ke7 45. Nc6+ Kd6 46. Rxf6+
Bxf6 47. Be4 Nb5 48. a4 Nc3 49. Bf3 g5 50. a5 Nb5 51. a6 Kc5 52. a7 Nc7 53. Nb8
Kd4 54. Na6 1-0

[Event "Edmonton Fall Sectional A"]
[Site "Edmonton"]
[Date "2016.10.30"]
[Round "5"]
[White "Tam, Erik"]
[Black "Malek, Omid"]
[Result "1/2-1/2"]
[WhiteElo "2134"]
[BlackElo "2180"]
[PlyCount "105"]
[EventDate "2016.10.29"]
[EventType "tourn"]
[EventRounds "5"]
[EventCountry "CAN"]

1. e4 e6 2. d4 d5 3. Nd2 Nc6 4. Ngf3 Nf6 5. e5 Nd7 6. Bd3 Nb4 7. Be2 c5 8. c3
Nc6 9. Bd3 a5 10. a4 b6 11. O-O Ba6 12. Bxa6 Rxa6 13. Qe2 Ra7 14. c4 Nb4 15.
cxd5 Nxd5 16. Ne4 h6 17. Rd1 Be7 18. Nc3 Nxc3 19. bxc3 O-O 20. d5 Qa8 21. d6
Bd8 22. Qc4 Kh8 23. Bf4 Qc6 24. Rd3 Rb7 25. Rb1 Re8 26. h4 f6 27. h5 f5 28. Nd2
Bg5 29. Rb5 Rbb8 30. g3 Rbd8 31. Qb3 Kh7 32. c4 Rg8 33. Bxg5 hxg5 34. Nf3 Kh6
35. Qd1 g6 36. hxg6 Rxg6 37. Qe2 Kg7 38. Ne1 Rh8 39. Qf3 Qxf3 40. Nxf3 g4 41.
Nh4 Rgh6 42. Re3 Kf7 43. Kf1 Rh5 44. f4 R5h6 45. Rb1 Rb8 46. Reb3 Ke8 47. Kg2
Kf7 48. Kg1 Rh5 49. R1b2 Rh6 50. Rh2 Rbh8 51. Rb1 Rh5 52. Rbb2 R5h7 53. Rb1
1/2-1/2

[Event "Edmonton Fall Sectional B"]
[Site "Edmonton"]
[Date "2016.10.29"]
[Round "1"]
[White "Brazeau, Robert"]
[Black "Dave, Bhavik"]
[Result "1/2-1/2"]
[WhiteElo "1901"]
[BlackElo "1831"]
[PlyCount "47"]
[EventDate "2016.10.29"]
[EventType "tourn"]
[EventRounds "5"]
[EventCountry "CAN"]

1. d4 Nf6 2. c4 g6 3. Nc3 d5 4. cxd5 Nxd5 5. e4 Nxc3 6. bxc3 Bg7 7. Bc4 c5 8.
Ne2 Nc6 9. Be3 O-O 10. O-O Na5 11. Bd3 Qc7 12. Rc1 Rd8 13. Qd2 b6 14. Bh6 Bh8
15. e5 Be6 16. f4 Nc4 17. Qe1 Ne3 18. Rf3 Ng4 19. Bg5 f6 20. exf6 exf6 21. Bh4
Re8 22. h3 Nh6 23. Qf1 f5 24. Bb5 1/2-1/2

[Event "Edmonton Fall Sectional B"]
[Site "Edmonton"]
[Date "2016.10.29"]
[Round "1"]
[White "Gagnon, Josh"]
[Black "Briones, Dante"]
[Result "0-1"]
[WhiteElo "1823"]
[BlackElo "1961"]
[PlyCount "70"]
[EventDate "2016.10.29"]
[EventType "tourn"]
[EventRounds "5"]
[EventCountry "CAN"]

1. e4 c5 2. Nf3 d6 3. d4 cxd4 4. Nxd4 Nf6 5. Nc3 a6 6. Bg5 e6 7. Qd2 Bd7 8.
O-O-O Qc7 9. f3 Nc6 10. Nxc6 Bxc6 11. Bxf6 gxf6 12. Bc4 O-O-O 13. Bb3 Kb8 14.
Kb1 Rg8 15. Qf2 Bh6 16. Rd3 Rg6 17. Rhd1 Bf8 18. Ne2 Be7 19. c4 Rdg8 20. g4 f5
21. exf5 exf5 22. Nf4 Rh6 23. c5 dxc5 24. Nd5 Bxd5 25. Bxd5 Rxh2 26. Qe1 Bf6
27. Rb3 b5 28. Rc1 Rd8 29. Bxf7 Rdd2 30. Qe8+ Ka7 31. Qe6 Rxb2+ 32. Rxb2 Rxb2+
33. Ka1 Bd4 34. Rd1 Re2+ 35. Kb1 Rxe6 0-1

[Event "Edmonton Fall Sectional B"]
[Site "Edmonton"]
[Date "2016.10.29"]
[Round "1"]
[White "Guevarra, Alvin"]
[Black "Zeggelaar, Mike"]
[Result "1/2-1/2"]
[WhiteElo "1913"]
[BlackElo "2009"]
[PlyCount "42"]
[EventDate "2016.10.29"]
[EventType "tourn"]
[EventRounds "5"]
[EventCountry "CAN"]

1. d4 Nf6 2. Nf3 g6 3. Bg5 Bg7 4. Nbd2 d5 5. e3 O-O 6. Bd3 b6 7. O-O Bb7 8. c4
Nbd7 9. Rc1 c5 10. Qe2 Rc8 11. b3 Re8 12. Bxf6 exf6 13. cxd5 Bxd5 14. Bb5 Re7
15. Ba6 Rc7 16. Rfd1 f5 17. Nf1 cxd4 18. Rxc7 Qxc7 19. Nxd4 Nf6 20. Qd3 Be4 21.
Qd2 Qe5 1/2-1/2

[Event "Edmonton Fall Sectional B"]
[Site "Edmonton"]
[Date "2016.10.29"]
[Round "2"]
[White "Brazeau, Robert"]
[Black "Guevarra, Alvin"]
[Result "1/2-1/2"]
[WhiteElo "1901"]
[BlackElo "1913"]
[PlyCount "61"]
[EventDate "2016.10.29"]
[EventType "tourn"]
[EventRounds "5"]
[EventCountry "CAN"]

1. d4 Nf6 2. c4 c5 3. d5 b5 4. cxb5 a6 5. bxa6 Bxa6 6. Nc3 d6 7. g3 g6 8. Bg2
Bg7 9. Nf3 O-O 10. O-O Nbd7 11. Rb1 Qc7 12. Qc2 Rfb8 13. b3 Ng4 14. h3 Nge5 15.
Nxe5 Bxe5 16. Bb2 c4 17. Ne4 Qa5 18. Bxe5 Nxe5 19. f4 cxb3 20. axb3 Qb6+ 21.
Kh2 Rc8 22. Qb2 Nd7 23. Rfc1 Rxc1 24. Rxc1 Qe3 25. Bf3 f5 26. Ng5 h6 27. Ne6
Qf2+ 28. Bg2 Nf6 29. Nc7 Ra7 30. Ne6 Kf7 31. Nd8+ 1/2-1/2

[Event "Edmonton Fall Sectional B"]
[Site "Edmonton"]
[Date "2016.10.29"]
[Round "2"]
[White "Dave, Bhavik"]
[Black "Briones, Dante"]
[Result "1-0"]
[WhiteElo "1831"]
[BlackElo "1961"]
[PlyCount "51"]
[EventDate "2016.10.29"]
[EventType "tourn"]
[EventRounds "5"]
[EventCountry "CAN"]

1. d4 Nf6 2. c4 g6 3. Nc3 Bg7 4. e4 d6 5. f4 O-O 6. Nf3 c5 7. d5 e6 8. Be2 exd5
9. exd5 Bg4 10. O-O Nbd7 11. h3 Bxf3 12. Bxf3 Nb6 13. Qd3 h5 14. f5 gxf5 15.
Bg5 Qd7 16. Bxf6 Bxf6 17. Bxh5 Bd4+ 18. Kh1 Kh8 19. Rxf5 Qe7 20. Bg4 Qe3 21.
Rh5+ Kg7 22. Qh7+ Kf6 23. Rf1+ Ke7 24. Rhf5 Rh8 25. Rxf7+ Ke8 26. Qxh8+ 1-0

[Event "Edmonton Fall Sectional B"]
[Site "Edmonton"]
[Date "2016.10.29"]
[Round "2"]
[White "Zeggelaar, Mike"]
[Black "Gagnon, Josh"]
[Result "1-0"]
[WhiteElo "2009"]
[BlackElo "1823"]
[PlyCount "79"]
[EventDate "2016.10.29"]
[EventType "tourn"]
[EventRounds "5"]
[EventCountry "CAN"]

1. e4 c5 2. d4 cxd4 3. c3 dxc3 4. Nxc3 d6 5. Nf3 Nf6 6. Bc4 e6 7. O-O Be7 8.
Qe2 O-O 9. Rd1 Qa5 10. b4 Qh5 11. Nb5 Ne8 12. Bf4 e5 13. Be3 a6 14. Nc3 Be6 15.
Nd5 Bd8 16. a4 Nd7 17. a5 Ndf6 18. Nb6 Bxb6 19. Bxb6 Qg4 20. Bd3 Nd7 21. Be3 f5
22. Ng5 Qxe2 23. Bxe2 Bb3 24. Rdb1 Bc2 25. Bc4+ Kh8 26. Rc1 Bxe4 27. Nf7+ Rxf7
28. Bxf7 f4 29. Bd2 Bc6 30. Re1 Nc7 31. Rad1 Nb5 32. Bc1 Nf6 33. Bb2 g6 34. Bc4
Ne8 35. h4 h6 36. g4 Bf3 37. Rxe5 dxe5 38. Bxe5+ Ng7 39. Rd7 Bxg4 40. Rxg7 1-0

[Event "Edmonton Fall Sectional B"]
[Site "Edmonton"]
[Date "2016.10.29"]
[Round "3"]
[White "Briones, Dante"]
[Black "Zeggelaar, Mike"]
[Result "1-0"]
[WhiteElo "1961"]
[BlackElo "2009"]
[PlyCount "73"]
[EventDate "2016.10.29"]
[EventType "tourn"]
[EventRounds "5"]
[EventCountry "CAN"]

1. e4 c5 2. Nf3 d6 3. d4 cxd4 4. Nxd4 Nf6 5. Nc3 g6 6. f4 Nc6 7. Nxc6 bxc6 8.
e5 dxe5 9. Qxd8+ Kxd8 10. fxe5 Nd5 11. Nxd5 cxd5 12. Bf4 Be6 13. O-O-O Kc7 14.
Be2 Bg7 15. Bf3 Rad8 16. Rd3 Rd7 17. Rhd1 Rhd8 18. Rd4 Kb6 19. Rb4+ Kc5 20. c3
Kc6 21. c4 a6 22. Rd2 Kc5 23. a3 d4 24. Ra4 Kb6 25. c5+ Ka7 26. c6 Rc7 27.
Raxd4 Rxd4 28. Rxd4 Bc8 29. Kd2 g5 30. Bg3 g4 31. Be4 h5 32. Rb4 Be6 33. Bf2+
Ka8 34. Bd4 Bh6+ 35. Ke1 Bg7 36. g3 f6 37. Bb6 1-0

[Event "Edmonton Fall Sectional B"]
[Site "Edmonton"]
[Date "2016.10.29"]
[Round "3"]
[White "Gagnon, Josh"]
[Black "Brazeau, Robert"]
[Result "1-0"]
[WhiteElo "1823"]
[BlackElo "1901"]
[PlyCount "113"]
[EventDate "2016.10.29"]
[EventType "tourn"]
[EventRounds "5"]
[EventCountry "CAN"]

1. e4 e6 2. Nf3 d5 3. Nc3 Nf6 4. exd5 exd5 5. d4 Nc6 6. Bb5 Bd7 7. Bg5 a6 8.
Ba4 b5 9. Bb3 Be6 10. Qe2 Bb4 11. Bxf6 gxf6 12. O-O Bxc3 13. bxc3 Na5 14. Rfe1
Nc4 15. Bxc4 bxc4 16. Rab1 Rb8 17. Nh4 Kf8 18. Qh5 Rb6 19. Qh6+ Ke7 20. Qc1 Kf8
21. Rxb6 cxb6 22. Qa3+ Kg7 23. Qxa6 Qa8 24. Qxb6 Rb8 25. Qc7 Rb2 26. h3 Rb7 27.
Qg3+ Kf8 28. Qd6+ Kg7 29. Qg3+ Kf8 30. Qf4 Qxa2 31. Qxf6 Rb1 32. Qd8+ Kg7 33.
Qg5+ Kf8 34. Qd2 Rxe1+ 35. Qxe1 Qxc2 36. Nf3 Qg6 37. Kh2 Qh5 38. Nd2 Qg6 39.
Nf1 Qd3 40. Ne3 Qg6 41. Qa1 Qf6 42. Qb2 Qf4+ 43. Kg1 Qg5 44. Kh1 Qf4 45. Kg1
Qg5 46. Qb8+ Kg7 47. Kf1 Qe7 48. Qe5+ Kg8 49. Nxd5 Qa3 50. Nf6+ Kf8 51. Nxh7+
Kg8 52. Nf6+ Kf8 53. Qe1 Qd6 54. Ne4 Qh2 55. Ng3 Bd5 56. f3 f5 57. Qe5 1-0

[Event "Edmonton Fall Sectional B"]
[Site "Edmonton"]
[Date "2016.10.29"]
[Round "3"]
[White "Guevarra, Alvin"]
[Black "Dave, Bhavik"]
[Result "1/2-1/2"]
[WhiteElo "1913"]
[BlackElo "1831"]
[PlyCount "39"]
[EventDate "2016.10.29"]
[EventType "tourn"]
[EventRounds "5"]
[EventCountry "CAN"]

1. d4 Nf6 2. Nf3 g6 3. Bg5 Ne4 4. Bf4 d5 5. Nbd2 Bg7 6. e3 c5 7. c3 cxd4 8.
exd4 f5 9. Ne5 Nc6 10. Bb5 Bd7 11. Nxd7 Qxd7 12. Nf3 O-O 13. Ne5 Qe6 14. Bxc6
bxc6 15. h4 Rab8 16. f3 Nf6 17. Qe2 Nh5 18. g3 Nxf4 19. gxf4 Bh6 20. Nd3
1/2-1/2

[Event "Edmonton Fall Sectional B"]
[Site "Edmonton"]
[Date "2016.10.30"]
[Round "4"]
[White "Brazeau, Robert"]
[Black "Briones, Dante"]
[Result "0-1"]
[WhiteElo "1901"]
[BlackElo "1961"]
[PlyCount "54"]
[EventDate "2016.10.29"]
[EventType "tourn"]
[EventRounds "5"]
[EventCountry "CAN"]

1. d4 Nf6 2. c4 g6 3. Nc3 Bg7 4. e4 d6 5. Be2 O-O 6. Nf3 e5 7. O-O Nc6 8. d5
Ne7 9. Ne1 Ne8 10. Be3 f5 11. f3 Rf7 12. Nd3 f4 13. Bf2 g5 14. c5 Ng6 15. Rc1
h5 16. cxd6 cxd6 17. Nb5 Bd7 18. Qb3 g4 19. Nxa7 g3 20. hxg3 fxg3 21. Bxg3 Rxa7
22. Bf2 Ra8 23. Qxb7 Bh3 24. Qc6 Qg5 25. g3 Rb8 26. Rfe1 Nf4 27. Kh2 Nxd3 0-1

[Event "Edmonton Fall Sectional B"]
[Site "Edmonton"]
[Date "2016.10.30"]
[Round "4"]
[White "Dave, Bhavik"]
[Black "Zeggelaar, Mike"]
[Result "1-0"]
[WhiteElo "1831"]
[BlackElo "2009"]
[PlyCount "73"]
[EventDate "2016.10.29"]
[EventType "tourn"]
[EventRounds "5"]
[EventCountry "CAN"]

1. d4 Nf6 2. c4 c5 3. d5 e6 4. Nc3 exd5 5. cxd5 d6 6. Nf3 g6 7. Bf4 a6 8. a4
Bg7 9. h3 Qe7 10. e3 O-O 11. Bd3 Nbd7 12. Qc2 Nh5 13. Bh2 Ne5 14. Nxe5 Bxe5 15.
Bxe5 Qxe5 16. O-O b6 17. Rad1 Ra7 18. Rfe1 Re7 19. Qb3 Rfe8 20. Be2 Ng7 21. Rd2
Qg5 22. Kh2 Nf5 23. Bf1 Nh4 24. Ree2 h5 25. Qxb6 Bxh3 26. Kxh3 Nf3 27. gxf3 Qg1
28. Bg2 g5 29. Rd1 g4+ 30. fxg4 hxg4+ 31. Kg3 Rxe3+ 32. Rxe3 Rxe3+ 33. fxe3
Qxe3+ 34. Kxg4 f5+ 35. Kxf5 Qf2+ 36. Ke6 Kg7 37. Qc7+ 1-0

[Event "Edmonton Fall Sectional B"]
[Site "Edmonton"]
[Date "2016.10.30"]
[Round "4"]
[White "Guevarra, Alvin"]
[Black "Gagnon, Josh"]
[Result "1-0"]
[WhiteElo "1913"]
[BlackElo "1823"]
[PlyCount "55"]
[EventDate "2016.10.29"]
[EventType "tourn"]
[EventRounds "5"]
[EventCountry "CAN"]

1. d4 Nf6 2. Nf3 e6 3. Bg5 d5 4. e3 Be7 5. Nbd2 O-O 6. Bd3 Nbd7 7. c3 c5 8. O-O
Re8 9. Ne5 Nxe5 10. dxe5 Nd7 11. Bxe7 Qxe7 12. f4 b6 13. Qh5 Nf8 14. Rf3 f5 15.
exf6 gxf6 16. Rg3+ Kh8 17. e4 Bb7 18. Re1 Red8 19. Qg4 Qf7 20. f5 e5 21. exd5
Bxd5 22. Ne4 Bxe4 23. Qxe4 Nd7 24. Bc4 Qe7 25. Rd1 Rab8 26. Be6 b5 27. Qg4 c4
28. Rxd7 1-0

[Event "Edmonton Fall Sectional B"]
[Site "Edmonton"]
[Date "2016.10.30"]
[Round "5"]
[White "Briones, Dante"]
[Black "Guevarra, Alvin"]
[Result "0-1"]
[WhiteElo "1961"]
[BlackElo "1913"]
[PlyCount "82"]
[EventDate "2016.10.29"]
[EventType "tourn"]
[EventRounds "5"]
[EventCountry "CAN"]

1. e4 d6 2. d4 Nf6 3. Nc3 c6 4. f4 Qa5 5. e5 dxe5 6. dxe5 Ne4 7. Bd2 Nxd2 8.
Qxd2 Bf5 9. Be2 h5 10. O-O-O Nd7 11. Bc4 Qc7 12. Nf3 e6 13. Nd4 Nb6 14. Nxf5
Nxc4 15. Nd6+ Bxd6 16. exd6 Qb6 17. Na4 Nxd2 18. Nxb6 axb6 19. Rxd2 Rxa2 20.
Kb1 Ra5 21. c4 Kd7 22. Rg1 Rha8 23. Kc2 Ra1 24. Rxa1 Rxa1 25. Kc3 c5 26. g3 g6
27. Kc2 Ra8 28. Rd3 Kc6 29. Kd2 Rd8 30. Ke3 Rxd6 31. Rxd6+ Kxd6 32. Ke4 f5+ 33.
Ke3 e5 34. fxe5+ Kxe5 35. h4 b5 36. b3 b4 37. Kf3 Kd4 38. Kf4 Kc3 39. Kg5 Kxb3
40. Kxg6 Kxc4 41. Kxh5 b3 0-1

[Event "Edmonton Fall Sectional B"]
[Site "Edmonton"]
[Date "2016.10.30"]
[Round "5"]
[White "Gagnon, Josh"]
[Black "Dave, Bhavik"]
[Result "1/2-1/2"]
[WhiteElo "1823"]
[BlackElo "1831"]
[PlyCount "54"]
[EventDate "2016.10.29"]
[EventType "tourn"]
[EventRounds "5"]
[EventCountry "CAN"]

1. e4 e5 2. Nf3 Nc6 3. Bc4 Nf6 4. O-O Bc5 5. d3 O-O 6. Bg5 d6 7. h3 Be6 8. Bxe6
fxe6 9. c3 Bb6 10. b4 a6 11. Qb3 Qe8 12. Nbd2 Nh5 13. a4 Nf4 14. Bxf4 Rxf4 15.
Nc4 Ba7 16. b5 Nd8 17. b6 Bxb6 18. Nxb6 cxb6 19. Qxb6 Qc6 20. Qxc6 Nxc6 21.
Rfb1 Nd8 22. Rb6 d5 23. exd5 e4 24. dxe4 Rxe4 25. dxe6 Rxe6 26. Rb3 Rc8 27. Nd4
Re7 1/2-1/2